USA: cities over 500 000 inhabitants - Statistics

General Stats
  • This quiz has been taken 103 times
  • The average score is 31 of 37
Answer Stats
Ranking Population State Name of the city % Correct
1 8 804 000 New York New York
100%
2 3 898 000 California Los Angeles
99%
3 2 746 000 Illinois Chicago
98%
26 641 000 Nevada Las Vegas
98%
17 873 000 Californie San Francisco
98%
24 675 000 Massachussets Boston
96%
4 2 304 000 Texas Houston
96%
6 1 603 000 Pennsylvania Philadelphia
96%
21 689 000 District of Columbia Washington DC
96%
9 1 304 000 Texas Dallas
93%
5 1 608 000 Arizona Phoenix
93%
18 737 000 Washington Seattle
91%
11 961 000 Texas Austin
90%
19 715 000 Colorado Denver
89%
22 681 000 Oklahoma Oklahoma City
89%
7 1 434 000 Texas San Antonio
88%
8 1 386 000 California San Diego
88%
20 689 000 Tennessee Nashville
87%
15 887 000 Indiana Indianapolis
85%
27 639 000 Michigan Détroit
84%
30 585 000 Maryland Baltimore
82%
36 508 000 Missouri Kansas City
82%
32 564 000 New Mexico Albuquerque
81%
35 524 000 California Sacramento
81%
25 652 000 Oregon Portland
80%
10 1 013 000 California San José
80%
12 949 000 Florida Jacksonville
79%
31 577 000 Wisconsin Milwaukee
79%
23 678 000 Texas El Paso
78%
28 633 000 Tennessee Memphis
78%
16 874 000 North Carolina Charlotte
76%
14 905 000 Ohio Columbus
74%
13 918 000 Texas Fort Worth
72%
29 633 000 Kentucky Louisville
70%
33 542 000 Arizona Tucson
69%
34 542 000 California Fresno
62%
37 504 000 Arizona Mesa
55%
No matching quizzes found
Score Distribution
Percent of People with Each Score
Percentile by Number Answered
Your Score History
You have not taken this quiz